Teste rápido de matemática - Teste curto de matemática - Quiz 2 - Statistics

Estatísticas Gerais
  • Esse quiz foi jogado 15 vezes
  • A pontuação média é 12 de 15
Estatísticas das Respostas
Hint Resposta % Correto
11 - 11 = 0
100%
11 x 11 = 1
100%
11 x 11 = 121
100%
111 : 111 + 1 = 2
100%
11 + 11 = 22
100%
3 x 11 = 33
100%
79 x 3 = 237
92%
101 + 69 = 170
83%
3 x 69 = 207
83%
101 - 69 = 32
83%
85 + 79 = 164
67%
172 : 4 = 43
67%
12 x 15 = 180
58%
155 - 74 = 81
58%
15 x 16 = 240
42%
Nenhum quiz correspondente encontrado
Distribuição das Pontuações
Porcentagem de Pessoas com Cada Pontuação
Percentil de Números Respondidos
Sua Pontuação Histórica
Você não jogou esse quiz